<?xml version="1.0" encoding="UTF-8"?>
<record
    xmlns:xsi="http://www.w3.org/2001/XMLSchema-instance"
    xsi:schemaLocation="http://www.loc.gov/MARC21/slim http://www.loc.gov/standards/marcxml/schema/MARC21slim.xsd"
    xmlns="http://www.loc.gov/MARC21/slim">

  <leader>01074nam a22002657a 4500</leader>
  <controlfield tag="005">20170124103144.0</controlfield>
  <datafield tag="010" ind1=" " ind2=" ">
    <subfield code="a">A-591963</subfield>
  </datafield>
  <datafield tag="020" ind1=" " ind2=" ">
    <subfield code="c">00.00</subfield>
  </datafield>
  <datafield tag="035" ind1=" " ind2=" ">
    <subfield code="a">A-591963</subfield>
  </datafield>
  <datafield tag="037" ind1=" " ind2=" ">
    <subfield code="b">Cen Lib/Ret</subfield>
  </datafield>
  <datafield tag="040" ind1=" " ind2=" ">
    <subfield code="a">DPL</subfield>
    <subfield code="b">HN</subfield>
  </datafield>
  <datafield tag="082" ind1=" " ind2=" ">
    <subfield code="a">301</subfield>
    <subfield code="b">&#x92A;&#x93E;&#x923;&#x94D;&#x921;&#x947;&#x92F; </subfield>
  </datafield>
  <datafield tag="100" ind1=" " ind2=" ">
    <subfield code="a">&#x92A;&#x93E;&#x923;&#x94D;&#x921;&#x947;&#x92F;, &#x927;&#x928;&#x92A;&#x924;&#x93F; </subfield>
    <subfield code="9">85735</subfield>
  </datafield>
  <datafield tag="245" ind1=" " ind2=" ">
    <subfield code="a">&#x906;&#x927;&#x941;&#x928;&#x93F;&#x915; &#x92D;&#x93E;&#x930;&#x924; &#x915;&#x93E; &#x938;&#x93E;&#x92E;&#x93E;&#x91C;&#x93F;&#x915; &#x907;&#x924;&#x93F;&#x939;&#x93E;&#x938; /</subfield>
    <subfield code="c">&#x927;&#x928;&#x92A;&#x924;&#x93F; &#x92A;&#x93E;&#x923;&#x94D;&#x921;&#x947;&#x92F;</subfield>
  </datafield>
  <datafield tag="246" ind1=" " ind2=" ">
    <subfield code="a">Adhunik bharat ka samajik itihas /</subfield>
    <subfield code="b">by Dhanpati Pandey </subfield>
  </datafield>
  <datafield tag="260" ind1=" " ind2=" ">
    <subfield code="b">&#x92D;&#x93E;&#x930;&#x924;&#x940; &#x92D;&#x935;&#x928; </subfield>
    <subfield code="c">1992</subfield>
    <subfield code="a">&#x92A;&#x91F;&#x928;&#x93E; </subfield>
  </datafield>
  <datafield tag="270" ind1=" " ind2=" ">
    <subfield code="a">&#x915;&#x926;&#x92E;&#x915;&#x941;&#x906;&#x901;</subfield>
    <subfield code="b">&#x92A;&#x91F;&#x928;&#x93E; </subfield>
    <subfield code="e">800 003</subfield>
  </datafield>
  <datafield tag="300" ind1=" " ind2=" ">
    <subfield code="a">286&#x92A;&#x943;. </subfield>
    <subfield code="c">20&#x938;&#x947;&#x92E;&#x940;(&#x938;&#x91C;&#x93F;&#x932;&#x94D;&#x926;)</subfield>
  </datafield>
  <datafield tag="500" ind1=" " ind2=" ">
    <subfield code="a">&#x938;&#x902;&#x926;&#x930;&#x94D;&#x92D; &#x936;&#x93E;&#x92E;&#x93F;&#x932;  </subfield>
  </datafield>
  <datafield tag="650" ind1=" " ind2=" ">
    <subfield code="a">&#x92D;&#x93E;&#x930;&#x924;&#x940;&#x92F; &#x938;&#x92E;&#x93E;&#x91C; -- &#x926;&#x932;&#x93F;&#x924; &#x935;&#x930;&#x94D;&#x917; </subfield>
    <subfield code="9">80460</subfield>
  </datafield>
  <datafield tag="650" ind1=" " ind2=" ">
    <subfield code="a">&#x928;&#x93E;&#x930;&#x940; -- &#x936;&#x93F;&#x915;&#x94D;&#x937;&#x93E; </subfield>
    <subfield code="9">3679</subfield>
  </datafield>
  <datafield tag="650" ind1=" " ind2=" ">
    <subfield code="a">Indian society - Dalits</subfield>
    <subfield code="9">85736</subfield>
  </datafield>
  <datafield tag="650" ind1=" " ind2=" ">
    <subfield code="a">Woman - Education</subfield>
    <subfield code="9">85737</subfield>
  </datafield>
  <datafield tag="942" ind1=" " ind2=" ">
    <subfield code="2">ddc</subfield>
    <subfield code="c">HN</subfield>
    <subfield code="h">301</subfield>
    <subfield code="m">&#x92A;&#x93E;&#x923;&#x94D;&#x921;&#x947;&#x92F; </subfield>
  </datafield>
  <datafield tag="999" ind1=" " ind2=" ">
    <subfield code="c">119592</subfield>
    <subfield code="d">119592</subfield>
  </datafield>
  <datafield tag="952" ind1=" " ind2=" ">
    <subfield code="0">0</subfield>
    <subfield code="1">0</subfield>
    <subfield code="4">0</subfield>
    <subfield code="7">0</subfield>
    <subfield code="a">L</subfield>
    <subfield code="b">L</subfield>
    <subfield code="d">2015-09-17</subfield>
    <subfield code="e">Cen Lib/Ret</subfield>
    <subfield code="g">0.00</subfield>
    <subfield code="l">1</subfield>
    <subfield code="o">301 &#x92A;&#x93E;&#x923;&#x94D;&#x921;&#x947;&#x92F;</subfield>
    <subfield code="p">A-591963</subfield>
    <subfield code="r">2021-07-10 00:00:00</subfield>
    <subfield code="s">2021-07-08</subfield>
    <subfield code="t">1</subfield>
    <subfield code="v">0.00</subfield>
    <subfield code="w">2015-09-17</subfield>
    <subfield code="y">HN</subfield>
  </datafield>
</record>
